Catalog

Record Details

Catalog Search



The magic school bus sees stars : a book about stars  Cover Image Book Book

The magic school bus sees stars : a book about stars / [TV tie-in adaptation by Nancy White and illustrated by Art Ruiz].

White, Nancy, 1942- (author). Cole, Joanna. (Added Author). Ruiz, Art. (Added Author). Scholastic Productions. (Added Author).

Summary:

The class decides to buy a star for Dorothy Ann's birthday. Join Ms. Frizzle's class on a field trip to outer space where they do some careful star shopping and learn a lot of star knowledge along the way.

Record details

  • ISBN: 0590187325
  • ISBN: 9780613707657
  • ISBN: 0613707656
  • ISBN: 9780590187329
  • ISBN: 0329150405
  • ISBN: 9780329150402
  • ISBN: 9780545533454
  • ISBN: 0545533457
  • ISBN: 9781442042520
  • ISBN: 1442042524
  • ISBN: 061311826X
  • ISBN: 9780613118262
  • Physical Description: 32 pages : color illustrations ; 21 cm
  • Publisher: New York : Scholastic, ©1999.

Content descriptions

General Note:
Statement of responsibility from title page verso.
"From an episode of the animated TV series produced by Scholastic Productions, Inc. Based on The magic school bus books written by Joanna Cole and illustrated by Bruce Degan"--Page 4 of cover
Target Audience Note:
"RL 2"--Page 4 of cover
"005-007"--Page 4 of cover
Subject: Frizzle, Ms. (Fictional character)
Stars > Juvenile literature.
Astronomy > Juvenile literature.
Genre: Children's nonfiction.
Juvenile works.
Literature.

Available copies

  • 1 of 1 copy available at scottsboropl.

Holds

  • 0 current holds with 1 total copy.
Show Only Available Copies
Location Call Number / Copy Notes Barcode Shelving Location Status Due Date
scottsboropl J 523.8 Mag 32269001181901 Juvenile - NonFiction Available -

LDR 03426cam a2200853Ia 4500
001157387
003SBPL
00520211229163632.0
008990107s1999 nyua j 000 0 eng d
035 . ‡a(OCoLC)40583690
020 . ‡a0590187325
020 . ‡a9780613707657
020 . ‡a0613707656
020 . ‡a9780590187329 ‡q(pbk.)
020 . ‡a0329150405 ‡q(pbk.)
020 . ‡a9780329150402
020 . ‡a9780545533454
020 . ‡a0545533457
020 . ‡a9781442042520
020 . ‡a1442042524
020 . ‡a061311826X
020 . ‡a9780613118262
035 . ‡a(OCoLC)40583690 ‡z(OCoLC)123163141 ‡z(OCoLC)965988834 ‡z(OCoLC)966080013 ‡z(OCoLC)1007583518 ‡z(OCoLC)1054896533
050 4. ‡aQB801.7 ‡b.W44 1999x
08204. ‡a523.8 ‡221
1001 . ‡aWhite, Nancy, ‡d1942- : ‡eauthor
24514. ‡aThe magic school bus sees stars : ‡ba book about stars / ‡c[TV tie-in adaptation by Nancy White and illustrated by Art Ruiz].
24630. ‡aBook about stars
260 . ‡aNew York : ‡bScholastic, ‡c©1999.
300 . ‡a32 pages : ‡bcolor illustrations ; ‡c21 cm
336 . ‡atext ‡btxt ‡2rdacontent
337 . ‡aunmediated ‡bn ‡2rdamedia
338 . ‡avolume ‡bnc ‡2rdacarrier
4901 . ‡aThe Magic School Bus
500 . ‡aStatement of responsibility from title page verso.
500 . ‡a"From an episode of the animated TV series produced by Scholastic Productions, Inc. Based on The magic school bus books written by Joanna Cole and illustrated by Bruce Degan"--Page 4 of cover
5210 . ‡a"RL 2"--Page 4 of cover
5211 . ‡a"005-007"--Page 4 of cover
520 . ‡aThe class decides to buy a star for Dorothy Ann's birthday. Join Ms. Frizzle's class on a field trip to outer space where they do some careful star shopping and learn a lot of star knowledge along the way.
600 7. ‡aFrizzle, Ms. (Fictional character) ‡2sears
650 0. ‡aStars ‡vJuvenile literature.
650 0. ‡aAstronomy ‡vJuvenile literature.
655 4. ‡aChildren's nonfiction.
655 7. ‡aJuvenile works.
655 7. ‡aLiterature. ‡2lcgft
7001 . ‡aCole, Joanna.
7001 . ‡aRuiz, Art.
7102 . ‡aScholastic Productions.
7300 . ‡aMagic school bus (Television program)
830 0. ‡aMagic School Bus.
901 . ‡a157387 ‡b ‡c157387 ‡tbiblio

Additional Resources